Introducción y métodos de probabilidad

Λεπτομέρειες βιβλιογραφικής εγγραφής
Κύριος συγγραφέας: Ruiz Mocayo, Alberto
Μορφή: Βιβλίο
Γλώσσα:Spanish
Θέματα:

MARC

LEADER 00000cam a2200000 a 4500
001 70215
003 Ucuenca
005 20230308162441.0
008 000000|1973 mx |||||r|||||||||||spa||
040 |b spa 
041 0 |a spa 
082 0 |a 519 
100 1 |a Ruiz Mocayo, Alberto  |9 34382 
245 |a Introducción y métodos de probabilidad  |c Alberto Ruiz Moncayo  |h imp 
264 |a México  |b Trillas  |c 1973 
300 |a 147 páginas:  |c 23 cm  |b gra 
504 |a incl. ref. 
650 |a Probabilidad  |9 23041 
852 |a UC-CDJBV  |f Compra  |l 1  |m General  |p 00000000  |r 2  |t 70215  |b 0  |d CDRC  |e CDRC  |g 519 SEGUNDO PISO  |z 0000-00-00 
942 |c BK  |0 1 
999 |c 18143  |d 18143